[Event "Interzonal-16"]
[Site "Biel"]
[Date "1993.??.??"]
[Round "4"]
[White "Khalifman, Alexander"]
[Black "Lautier, Joel"]
[Result "1-0"]
[WhiteElo "2645"]
[BlackElo "2620"]
[Annotator "Khalifman,A"]
[PlyCount "113"]
[EventDate "1993.07.16"]
[EventType "swiss"]
[EventRounds "13"]
[EventCountry "SUI"]
[SourceTitle "CBM 037"]
[Source "ChessBase"]
[SourceDate "1993.12.01"]
[SourceVersion "1"]
[SourceVersionDate "1993.12.01"]
[SourceQuality "1"]

1. d4 {Ambroz} d5 2. c4 e6 3. Nf3 Nf6 4. g3 Be7 5. Bg2 O-O 6. O-O dxc4 7. Qc2
a6 8. a4 Bd7 9. Qxc4 Bc6 10. Bg5 (10. Bf4 {Ambroz} Nd5 11. Nc3 Nxf4 12. gxf4 a5
$5 $13 {Hulak-Psakhis, Zagreb 1993}) 10... Bd5 11. Qd3 Be4 (11... c5 $5 {Ambroz
}) 12. Qe3 Bc6 13. Nc3 Nbd7 14. Qd3 Bb4 15. Rfe1 h6 16. Bf4 (16. Bxf6 Nxf6 17.
e4 b6 $13) (16. Bd2 {Ambroz}) 16... Rc8 17. Qc2 (17. e4 $2 Nc5 $1) 17... b6 18.
e4 Bb7 19. Rad1 Re8 20. Ne5 Nxe5 21. Bxe5 (21. dxe5 Nd7 $13) 21... Nd7 22. Bf4
Qe7 (22... c5 $6 23. d5 e5 24. Be3 $16) 23. Re2 c5 (23... e5 24. Nd5 $14 (24.
Nd5 $1 {Ambroz} Qd6 (24... Bxd5 25. exd5 f6 (25... Bd6 26. Bh3 $1 $14) 26. Bh3
$14) 25. Nxb4 Qxb4 (25... exf4 26. e5 Qxb4 27. Bxb7) 26. Bh3 $16)) (23... Bxc3
{Ambroz} 24. bxc3 e5 25. Bc1 $14) 24. d5 $5 $146 (24. Red2 cxd4 25. Rxd4 Nf6
26. Bd6 Bxd6 27. Rxd6 b5 $10 {Yusupov,A-Portisch,L Linares 1989} (27... b5 $10
{Ambroz} 28. axb5 axb5 29. Qb3 Bc6 30. Qb4 Qb7 31. h3 Rb8 32. Kh2 {1/2,
Yusupov-Portisch, Linares 1989})) 24... e5 25. Be3 (25. d6 $6 Qe6 26. Be3 Nb8
$1 $15 (26... c4 {Ambroz} 27. Nd5 Bxd5 28. Rxd5 Nf6 (28... Bxd6 29. Qd1 Rc6 30.
Red2) 29. Rd1 b5 $17)) 25... Qd6 (25... c4 $6 {Ambroz} 26. Bh3) 26. Bh3 Rc7 27.
Nb1 (27. f4 $5 $132) (27. Na2 $5 {Ambroz}) 27... Bc8 (27... c4 $2 {Ambroz} 28.
Bxd7) 28. Nd2 (28. Na3 $5 $14) 28... b5 29. Nf3 c4 $6 (29... h5 $5 30. Nh4 g6
$13) (29... Kh7 {Ambroz} 30. Nh4 g6 31. axb5 axb5 32. Qc1 h5 $13 (32... c4 $5))
30. Nh4 g6 $1 (30... Nc5 31. Bxc8 Rexc8 32. Nf5 $16) 31. Bxh6 Nc5 32. Bxc8
Rexc8 33. axb5 axb5 34. Nf3 $14 Ra8 $2 (34... Nb3 35. Be3 (35. Re3 {Ambroz /\
Rb3} Nd4 36. Nxd4 exd4 37. Rxd4 Bc5 38. Bf4 (38. e5 $5 $44) 38... Qd7 39. Rd1
$16) 35... Bc5 $14) 35. Bd2 $2 (35. Nxe5 $1 Qxe5 36. Bf4 Qe7 37. d6 $18) 35...
Ra4 36. Kg2 Nd3 37. Bxb4 Rxb4 (37... Nxb4 {Ambroz} 38. Qd2) 38. Rxd3 $1 cxd3
39. Qxd3 f6 $6 (39... Rbc4) (39... Rbc4 $142 {Ambroz} 40. Ng5 $1 $40 (40. h4 f6
$13 {/\ Qc5, Rc2})) 40. Qa3 Qc5 (40... Kg7 $14) 41. Nh4 $1 Kh7 (41... Kg7 {
Ambroz} 42. Qf3 {/\ Qg4} Qd6 $2 43. Qg4 $18) 42. Qf3 (42. Qa6 $5) 42... Qd6 43.
b3 $1 (43. Qg4 $2 f5 $1 44. Qh3 Kg8 $1 45. exf5 g5 $1 $17) 43... Qa6 (43... f5
44. exf5 g5 45. Ng6 g4 46. Qd3 $16) (43... Rd4 {Ambroz} 44. Ra2 $1) (43... Ra7
{Ambroz} 44. Rc2 $1) 44. Rd2 Rd4 45. Rxd4 exd4 46. Qf4 $1 (46. Qd3 Qb6 47. Nf3
Rc3 48. Qxd4 Qxd4 49. Nxd4 b4 50. d6 Rd3 51. Nc6 Rxd6 52. Nxb4 Rd4 53. Nd5 f5
$10) 46... Qb6 (46... Rd7 47. Nxg6 $1 $18) (46... Re7 47. d6 Rf7 (47... Rd7 48.
Nf5 $1 $18) 48. Nf3 $18) (46... Rf7 47. Nf3 $18) 47. d6 Rf7 (47... Rd7 48. Nf5
$1 Kg8 49. Qg4 $18) 48. Qg4 $1 (48. e5 Qc6+ 49. Nf3 Qd5 $13) 48... Rg7 (48...
g5 49. Qh5+ Kg8 50. Nf5 $18) 49. Qh3 $1 d3 (49... Kg8 50. Qe6+ Kh7 51. Qxf6 d3
52. Nf3 $18) 50. Nf5+ Kg8 51. Nxg7 Qxd6 (51... d2 52. Ne8 d1=Q 53. Qe6+ (53.
Nxf6+ $1 {Ambroz} Kf7 54. Qh7+ Kxf6 55. Qe7#) 53... Kh7 54. Qf7+ Kh6 55. Qg7+
$18) (51... Kxg7 {Ambroz} 52. Qd7+ Kh6 53. Qc8 $18) 52. Ne8 $1 $18 Qd4 53.
Nxf6+ Kf7 (53... Qxf6 54. Qc8+ Kg7 55. Qd7+ $18) 54. Qh7+ Ke6 55. Qxg6 d2 (
55... Qxf6 {Ambroz} 56. Qe8+) 56. Nd5+ Kd7 57. Qf7+ 1-0

[Event "Interzonal-16"]
[Site "Biel"]
[Date "1993.??.??"]
[Round "10"]
[White "Khalifman, Alexander"]
[Black "Portisch, Lajos"]
[Result "1/2-1/2"]
[WhiteElo "2645"]
[BlackElo "2585"]
[Annotator "ChessBase"]
[PlyCount "57"]
[EventDate "1993.07.16"]
[EventType "swiss"]
[EventRounds "13"]
[EventCountry "SUI"]
[SourceTitle "CBM 037"]
[Source "ChessBase"]
[SourceDate "1993.12.01"]
[SourceVersion "1"]
[SourceVersionDate "1993.12.01"]
[SourceQuality "1"]

1. d4 Nf6 2. c4 e6 3. Nf3 d5 4. Nc3 Be7 5. Bg5 O-O 6. e3 h6 7. Bh4 b6 8. Be2
Bb7 9. Bxf6 Bxf6 10. cxd5 exd5 11. b4 c5 12. bxc5 bxc5 13. Rb1 Bc6 14. O-O Nd7
15. Bb5 Qc7 16. Qc2 Rfc8 17. Rfc1 Bxb5 18. Nxb5 Qc6 19. Qd2 Rcb8 (19... a6 20.
Nc3 c4 21. Qc2 Rab8 22. e4 Rxb1 23. Rxb1 dxe4 24. Nxe4 Be7 $13) 20. Nc3 Rxb1
21. Rxb1 Nb6 22. dxc5 Qxc5 23. Ne2 Rc8 24. Rc1 Qb5 25. Rxc8+ Nxc8 26. g3 Nb6
27. Kg2 Nc4 28. Qd3 Nd6 29. Qxb5 1/2-1/2

[Event "Rakvere Keres Memorial"]
[Site "Rakvere"]
[Date "1993.??.??"]
[Round "1"]
[White "Khalifman, Alexander"]
[Black "Hodgson, Julian M"]
[Result "1-0"]
[WhiteElo "2645"]
[BlackElo "2625"]
[Annotator "Chekhov,V"]
[PlyCount "87"]
[EventDate "1993.09.??"]
[EventType "tourn"]
[EventRounds "10"]
[EventCountry "EST"]
[EventCategory "15"]
[SourceTitle "CBM 038"]
[Source "ChessBase"]
[SourceDate "1994.02.01"]
[SourceVersion "1"]
[SourceVersionDate "1994.02.01"]
[SourceQuality "1"]

1. d4 Nf6 2. Nf3 d5 3. c4 c6 4. Nc3 dxc4 5. a4 Bf5 6. e3 e6 7. Bxc4 Bb4 8. O-O
Nbd7 9. Qe2 Bg6 10. e4 Bxc3 11. bxc3 Nxe4 12. Ba3 Qc7 (12... Qa5 13. Rfc1 (13.
Bb4 Qc7 {/\c5=/+/}) 13... O-O-O 14. Qb2 e5 15. Rab1 Qb6 16. Bb3 Qc7 17. Bc2 c5
$1 18. a5 Nd6 19. Qb3 a6 20. dxc5 Nb5 21. Bb4 Nb8 22. Ng5 $1 {Campos Moreno,
J-Semkov,S /ESP/1992 Inf 55/381; 13.Qb2!?/}) 13. Rfc1 (13. Nd2 Nxd2 14. Qxd2 c5
(14... Nb6 15. Bb3 O-O-O 16. c4 $1 Kb8 17. Rfc1 $1 $36 {Oll,L-Dokhoian,Y /
Helsinki/ 1992 Inf 55/381/}) 15. dxc5 O-O-O $1 16. Qe3 Ne5 17. Bb5 a6 18. f4 $1
Ng4 19. Qe2 Nf6 20. Bb4 $13) 13... Nb6 $5 $146 (13... O-O-O 14. a5 Rhe8 (14...
Nd6 15. Bb3 Rhe8 16. Nh4 $1 e5 17. Qf3 Nb5 18. Nxg6 hxg6 {Magerramov,
E-Damljanovic,B /Baku/1986 Inf 42/476/} 19. Bxf7 $1 exd4 20. Bxe8 Rxe8 21. Qf7
$16) 15. Qa2 Nd6 16. Re1 Nxc4 17. Qxc4 e5 18. dxe5 Nxe5 19. Nxe5 Rxe5 20. Rxe5
Qxe5 21. a6 $44 {Karpov,A-Huebner,R /Tilburg/1986 Inf 42/475/}) 14. Bb3 O-O-O
15. c4 Rhe8 16. Qe3 Nd7 (16... Kb8 $5) 17. a5 e5 18. d5 c5 19. Nh4 $1 $44 Nef6
(19... f5 20. Bc2 Nd6 21. Ba4 $36) 20. Ba4 Qd6 21. Qb3 $6 (21. Nxg6 $5 hxg6 22.
Rab1 $36) 21... Re7 22. Qb5 Ne8 23. Qb3 (23. Nxg6 hxg6 24. Rab1 Nb8) 23... e4 (
23... Ndf6 24. Qe3 Rc7) 24. Qe3 Nef6 25. h3 Kb8 26. Rab1 Rc8 27. Rb5 Rc7 28.
Rcb1 Kc8 29. Nxg6 hxg6 30. Qb3 b6 31. Bc1 Rb7 32. Be3 Kd8 33. Qa3 $16 g5 (33...
Re8 $5 {/\Ke7/}) 34. axb6 axb6 35. Bd1 Re5 36. Qc1 Nh7 37. Ra1 Ke7 38. Ra8 Kf6
39. Bg4 Kg6 $6 (39... Nhf8 $5) 40. Bxd7 $1 Qxd7 41. Qb2 $18 f6 42. Rxb6 Rxb6
43. Qxb6 g4 44. Ra7 (44. Ra7 Qc8 (44... Qe8 45. hxg4 $18) 45. Qxc5 $18) 1-0

[Event "Rakvere Keres Memorial"]
[Site "Rakvere"]
[Date "1993.??.??"]
[Round "9"]
[White "Ehlvest, Jaan"]
[Black "Khalifman, Alexander"]
[Result "0-1"]
[WhiteElo "2620"]
[BlackElo "2645"]
[Annotator "Hertneck,G"]
[PlyCount "102"]
[EventDate "1993.09.??"]
[EventType "tourn"]
[EventRounds "10"]
[EventCountry "EST"]
[EventCategory "15"]
[SourceTitle "CBM 038"]
[Source "ChessBase"]
[SourceDate "1994.02.01"]
[SourceVersion "1"]
[SourceVersionDate "1994.02.01"]
[SourceQuality "1"]

1. d4 d5 2. Nf3 Nf6 3. c4 c6 4. Nc3 a6 5. Qb3 e6 6. Bg5 dxc4 7. Qxc4 b5 8. Qd3
c5 9. Bxf6 (9. d5 $5 b4 $142 10. Ne4 exd5 $2 11. Bxf6 gxf6 12. Qxd5 $16) (9. e4
cxd4 10. Nxd4 Bc5 11. O-O-O $14) 9... gxf6 10. e3 (10. d5 $2 b4 11. Ne4 f5 $17)
10... Bb7 11. Be2 (11. dxc5 Bxc5 12. Qc2 Nd7 13. Bd3 Rc8 14. Be4 Bxe4 15. Qxe4
f5 16. Qc2 Nb6 $15 {Akopian,A-Khalifman,A/Luzern WChT/1993}) 11... cxd4 12.
exd4 Bg7 13. O-O Nc6 14. a4 Nb4 $1 (14... b4 15. Ne4 $132) 15. Qd2 bxa4 16.
Nxa4 a5 17. Bb5+ Ke7 $15 {>< d5} 18. Be2 Qd6 19. Nc5 Bd5 20. Ra3 Nc6 21. Na4 f5
22. Rd1 Rab8 23. Nc3 Bxf3 24. Bxf3 Nxd4 25. Rxa5 Nxf3+ 26. gxf3 Qxd2 27. Ra7+
Kf6 28. Rxd2 Rhd8 29. Rxd8 Rxd8 30. Kf1 Rd2 31. Rb7 Kg6 32. Ke1 Rxb2 33. Nb5
Bd4 34. Nd6 Bxf2+ 35. Kf1 Rxb7 36. Nxb7 Bb6 37. Kg2 Bc7 38. Nc5 Bd6 39. Nd3 e5
40. Nf2 Kg5 41. Nh3+ Kf6 42. Ng1 f4 43. Ne2 Ke6 44. Nc3 Bb4 45. Ne4 f5 46. Nf2
Kd5 47. Kf1 e4 48. Ke2 Bc5 49. Nh3 Ke5 50. Ng5 Kf6 51. Nh3 Be3 0-1

[Event "WchT 3rd"]
[Site "Luzern"]
[Date "1993.??.??"]
[Round "3.1"]
[White "Khalifman, Alexander"]
[Black "Hjartarson, Johann"]
[Result "1/2-1/2"]
[WhiteElo "2645"]
[BlackElo "2605"]
[Annotator "Hjartarson,J"]
[PlyCount "46"]
[EventDate "1993.10.24"]
[EventType "team-tourn"]
[EventRounds "9"]
[EventCountry "SUI"]
[SourceTitle "CBM 038"]
[Source "ChessBase"]
[SourceDate "1994.02.01"]
[SourceVersion "1"]
[SourceVersionDate "1994.02.01"]
[SourceQuality "1"]
[WhiteTeam "Russia"]
[BlackTeam "Iceland"]
[WhiteTeamCountry "RUS"]
[BlackTeamCountry "ISL"]

1. e4 {Wolff} e5 2. Nf3 Nc6 3. Bb5 a6 4. Ba4 Nf6 5. O-O Nxe4 6. d4 b5 7. Bb3 d5
8. dxe5 Be6 9. c3 Be7 10. Be3 Qd7 11. Nbd2 Rd8 12. Re1 O-O 13. Bc2 f5 $5 14.
exf6 Nxf6 15. Ng5 $6 (15. Nb3 Bg4 $1 16. Bc5 Bd6 17. h3 Bh5 18. Qd3 Bg6 19. Qd2
Bxc2 20. Qxc2 Ne4 $10 {Khalifman-Huebner, Manila (izt) 1990}) (15. Qb1 $5 h6 (
15... Kh8 {Wolff} 16. Ng5 Ng4 $5 {Ivanchuk}) 16. Nh4 (16. Nb3 {Wolff} Ng4 17.
Nc5 Bxc5 18. Bxc5 Rxf3 $1 19. gxf3 Nge5 20. Qd1 Bf5 $44 {Georgiev,Ki}) 16...
Ne5 17. Nb3 Nfg4 18. Nc5 Qc8 19. Nxe6 Qxe6 20. Bh7+ Kh8 21. Bf5 $2 (21. Bg5 $1
{(Ivanchuk)} Bc5 22. Ng6+ Qxg6 23. Bxg6 Bxf2+ 24. Kh1 Bxe1 25. Qxe1 Nf2+ $3 26.
Kg1 Nh3+ 27. Kh1 $10) 21... Qf7 22. Ng6+ Nxg6 23. Bxg4 Ne5 $15 {Georgiev,
Kir-Ivanchuk, Manila (ol) 1992}) 15... Bf5 16. Bf4 (16. Bxf5 Qxf5 17. Qb1 Ng4
$15) 16... Bc5 17. Nb3 (17. Bxf5 {Wolff} Qxf5 18. Ne6 Bxf2+ $1 19. Kxf2 Ne4+
20. Nxe4 (20. Rxe4 dxe4 21. Nxd8 Qxf4+ 22. Kg1 Rxd8 $19) 20... Qxe6 $17) 17...
Bxf2+ $5 (17... Bb6 18. Be3 $10) 18. Kxf2 Bxc2 19. Qxc2 Ne4+ 20. Nxe4 $8 (20.
Ke3 Qg4 21. Nh3 Rde8 $19) 20... Rxf4+ 21. Kg1 dxe4 22. Rxe4 Qf5 23. Re2 $10 (
23. Rae1 $2 Rf8 24. h3 (24. Qe2 Rxe4 25. Qxe4 Qf2+ 26. Kh1 Qf1+ $19) 24... Rf2
$17) 23... Qxc2 1/2-1/2

[Event "WchT 3rd"]
[Site "Luzern"]
[Date "1993.??.??"]
[Round "4.2"]
[White "Khalifman, Alexander"]
[Black "Gulko, Boris F"]
[Result "1/2-1/2"]
[WhiteElo "2645"]
[BlackElo "2635"]
[Annotator "Ftacnik,L"]
[PlyCount "111"]
[EventDate "1993.10.24"]
[EventType "team-tourn"]
[EventRounds "9"]
[EventCountry "SUI"]
[SourceTitle "CBM 038"]
[Source "ChessBase"]
[SourceDate "1994.02.01"]
[SourceVersion "1"]
[SourceVersionDate "1994.02.01"]
[SourceQuality "1"]
[WhiteTeam "Russia"]
[BlackTeam "US of America"]
[WhiteTeamCountry "RUS"]
[BlackTeamCountry "USA"]

1. e4 e6 2. d4 d5 3. Nd2 c5 4. Ngf3 cxd4 5. exd5 Qxd5 6. Bc4 Qd6 7. O-O Nf6 8.
Nb3 Nc6 9. Nbxd4 Nxd4 10. Nxd4 a6 11. Re1 Qc7 12. Bb3 Bd6 13. Nf5 $6 Bxh2+ 14.
Kh1 O-O (14... Kf8 15. g3 (15. Nxg7 Kxg7 16. Qd2 h6) (15. Qd4 $5) 15... exf5
16. Bf4 Qc6+ 17. Kxh2 $14) 15. Nxg7 Rd8 (15... Kxg7 16. Qd4 $1 $14) 16. Qf3 (
16. Qe2 Kxg7 17. g3 Bxg3 18. fxg3 b5 (18... Bd7 19. Bf4 Qc5 20. Be5 Bc6+ 21.
Kh2 Kg6 22. Bxf6 Kxf6 23. Rf1+ Kg6 24. Bxe6 Qh5+ 25. Qxh5+ Kxh5 26. Bxf7+ Kg5
27. Rad1 Rxd1 28. Rxd1 Rf8 $10 {Dreev}) 19. Bf4 Bb7+ 20. Kh2 Qc5 21. Be5 Kg6
22. Bxf6 Kxf6 23. Rf1+ Kg6 24. Bxe6 Qh5+ 25. Qxh5+ Kxh5 26. Bxf7+ Kg5 27. Rad1
$16 {Adams,M-Dreev,A/Debrecen EUchT/1992/}) 16... Kxg7 17. Bh6+ (17. g3 $6 b5
$1 18. Kxh2 (18. Bf4 $2 Bb7 19. Bxc7 Bxf3+ 20. Kxh2 Ng4+ 21. Kg1 Rd2 22. Rf1
Rc8 23. Ba5 $2 (23. Bb6 e5 {/\ Rc6-h6}) 23... Rc5 {0-1/Ye Jiangchuang-Dolmatov,
S/Moscow/1992/}) 18... Bb7 19. Qf4 Qc6 20. Rg1 Rd1 21. Be3 Rxa1 22. Qh6+ Kg8
23. Qg5+ Kf8 24. Qc5+ Ke8 25. Qxc6+ Bxc6 26. Rxa1 Ng4+ 27. Kh3 Nxe3 28. fxe3
Rd8 $15 {Wolff,P-Gulko,B/USA-ch Durango/1992/}) 17... Kg6 18. c3 Nd5 $1 (18...
Nh5 19. Re4 $1 Kxh6 20. Rh4 Qe5 $1 (20... Kg7 21. Qxh5 Bf4 $1 22. Qg4+ Kf8 23.
Qxf4 Qxf4 24. Rxf4 Bd7 $10)) (18... Rd5 19. Bc2+ Rf5 20. g4 $16) 19. Re4 (19.
g3 $5 Kxh6 20. Bxd5 Kg7 21. Be4 Bxg3 $15) 19... Kxh6 20. Rg4 $1 (20. Bxd5 Kg7
$1 (20... Rxd5 $4 21. Qf6+ Kh5 22. Rh4#)) 20... Nf4 $1 21. g3 (21. Kxh2 Ng6+
$19) 21... Rd3 $1 (21... Ng6 $2 22. Qf6) (21... Qc6 $6 22. Qxc6 bxc6 23. gxf4
$1) 22. Qxf4+ Qxf4 23. gxf4 $1 (23. Rxf4 Bxg3 24. fxg3 f5 $17) 23... Rh3 24.
Kg2 Rh5 25. Rh1 Bd7 $6 (25... e5 26. Rg5 Rxg5+ 27. fxg5+ Kxg5 28. Rxh2 $1 (28.
Kxh2 Bg4 $1 $19) 28... Kg6 29. Rh1 $17) 26. Rxh2 Bc6+ 27. Kg1 Rxh2 28. Kxh2 Rd8
29. f5 $1 exf5 30. Rd4 Re8 $5 (30... Rxd4 31. cxd4 Kg5 (31... Kg6 32. f4 $10)
32. Bxf7 Kf4 33. d5 Bb5 34. Be6 $1 Ke5 35. f4+ $10) 31. Bxf7 Re2 32. Kg3 Rxb2
33. Bd5 $1 Bxd5 34. Rxd5 Rxa2 35. Rxf5 Kg6 36. Rc5 Rb2 37. c4 h5 38. f3 $1 Rb4
39. Kf4 b6 40. Rc6+ Kf7 41. Ke5 $6 h4 42. Rh6 Rxc4 43. Rxb6 a5 44. Kf5 $1 a4
45. Rb7+ Ke8 46. Rh7 a3 47. Ra7 Rc3 48. Kg4 Kd8 49. Kxh4 Rxf3 50. Kg4 $10 Rb3
51. Kf4 Kc8 52. Ke4 Kb8 53. Ra4 Kb7 54. Kd4 Rh3 55. Kc5 Rh5+ 56. Kb4 1/2-1/2

[Event "Bundesliga 9394"]
[Site "Germany"]
[Date "1994.01.09"]
[Round "5.1"]
[White "Khalifman, Alexander"]
[Black "Ftacnik, Lubomir"]
[Result "1-0"]
[WhiteElo "2660"]
[BlackElo "2565"]
[Annotator "Khalifman,A"]
[PlyCount "61"]
[EventDate "1993.11.06"]
[EventType "team-tourn"]
[EventRounds "15"]
[EventCountry "GER"]
[SourceTitle "CBM 039"]
[Source "ChessBase"]
[SourceDate "1994.04.01"]
[SourceVersion "1"]
[SourceVersionDate "1994.04.01"]
[SourceQuality "1"]
[WhiteTeam "Stadthagen"]
[BlackTeam "Hamburger SK"]
[WhiteTeamCountry "GER"]
[BlackTeamCountry "GER"]

1. d4 Nf6 2. c4 g6 3. Nc3 d5 4. Nf3 Bg7 5. cxd5 Nxd5 6. e4 Nxc3 7. bxc3 c5 8.
Rb1 O-O 9. Be2 Nc6 10. d5 Ne5 11. Nxe5 Bxe5 12. Qd2 b6 13. O-O Bg7 14. f4 e6
15. dxe6 fxe6 16. Bc4 Qf6 17. Qe2 Bb7 (17... Qxc3 18. Bb2 Bd4+ (18... Qa5 19.
f5 $1 $16) 19. Kh1 Qe3 20. Qxe3 Bxe3 21. f5 $1 $44) 18. f5 (18. e5 Qf7 $13)
18... Qe5 $2 (18... Kh8 $1) (18... gxf5 $5 19. exf5 Bd5 $13) 19. fxe6 $1 (19.
Bxe6+ Kh8 $44) 19... Rxf1+ 20. Qxf1 Bxe4 (20... Qxe4 21. Bg5 Bxc3 22. Rd1 $5
Bd4+ 23. Rxd4 $5 (23. Kh1 Qf5 $13) 23... Qxd4+ 24. Kh1 Bxg2+ 25. Qxg2 Qd1+ 26.
Qf1 Qxf1+ 27. Bxf1 Kg7 $14) 21. Qf7+ $1 (21. Bf4 Qxc3 $13) 21... Kh8 22. Bf4
Qxc3 (22... Qf5 23. Re1 Bxc3 24. e7 $1 $18) 23. e7 Bc6 (23... Qd4+ 24. Kh1 Bc6
(24... Bxg2+ 25. Kxg2 Qe4+ 26. Kh3 g5 27. Be6 $1 $18) 25. Re1 Re8 26. Be5 $1
$18) (23... Bd4+ 24. Kh1 Bxg2+ 25. Kxg2 Qc2+ 26. Kh3 $18) 24. Rd1 Re8 25. Rd8
$1 $18 Qe1+ (25... Qa1+ 26. Kf2 Qb2+ 27. Bd2 Qf6+ 28. Qxf6 Bxf6 29. Bf7 $1 $18)
(25... Bd4+ 26. Kf1 Qa1+ 27. Ke2 Qb2+ 28. Bd2 $18) 26. Bf1 Bd4+ 27. Rxd4 Qxe7
28. Qxe7 Rxe7 29. Rd6 Be8 30. Bh6 Bf7 31. Bb5 $1 1-0

[Event "Groningen PCA"]
[Site "Groningen"]
[Date "1993.??.??"]
[Round "4"]
[White "Vaganian, Rafael A"]
[Black "Khalifman, Alexander"]
[Result "1/2-1/2"]
[WhiteElo "2615"]
[BlackElo "2645"]
[Annotator "Ftacnik,L"]
[PlyCount "150"]
[EventDate "1993.12.??"]
[EventType "swiss"]
[EventRounds "11"]
[EventCountry "NED"]
[SourceTitle "CBM 039"]
[Source "ChessBase"]
[SourceDate "1994.04.01"]
[SourceVersion "1"]
[SourceVersionDate "1994.04.01"]
[SourceQuality "1"]

1. d4 d5 2. c4 c6 3. Nf3 Nf6 4. Nc3 dxc4 5. a4 Bf5 6. Ne5 e6 7. f3 Bb4 8. e4
Bxe4 9. fxe4 Nxe4 10. Bd2 Qxd4 11. Nxe4 Qxe4+ 12. Qe2 Bxd2+ 13. Kxd2 Qd5+ 14.
Kc2 Na6 15. Nxc4 O-O-O 16. Qe5 f6 17. Qxd5 (17. Qe3 Kb8 18. Kb3 (18. Be2 Qxg2
19. Rhg1 Qxh2 20. Rxg7 Nb4+ 21. Kb3 Nd5 22. Qf3 h5 {N} (22... Qf4 23. Rf1 Qd4
24. Qf2 $10 {Shirov,A-Bareev,E/Biel/1991/0.5 (45)}) (22... Qh4 23. a5 Qd4 24.
Rc1 $10 {Georgiev,Ki-Anand,V/Las Palmas (9)/1993/0.5 (56)}) 23. Rf1 Rc8 $6 24.
Ka2 $36 {Kramnik,V-Lautier,J/Cannes (m/6)/1993/1-0 (72)}) (18. Rg1 Qf5+ 19. Kb3
Nc5+ 20. Kb4 $6 Rd5 21. g4 $2 Qc2 $1 22. Qg3+ e5 23. Rg2 Nd3+ $1 24. Bxd3 $19 {
Wells,P-Hector,J/London/1991/0-1 (26)}) 18... e5 (18... Nc5+ 19. Ka3 Nxa4 $1
20. b4 $1 Nb6 $1 21. Nxb6 axb6 22. Qxb6 Qd4 $2 23. Qxd4 Rxd4 24. Be2 $16 {
Shirov,A-Mascarinas,R/Manila izt/1990/0.5 (54)}) 19. Be2 Nc5+ 20. Kb4 (20. Ka3
$2 Ne6 21. Rhg1 Nd4 22. Rac1 b5 $1 23. Na5 b4+ $1 24. Kxb4 $19 {Tukmakov,
V-Solozhenkin,E/Schwabisch Gmund/1991/0-1 (26)}) 20... Ne6 21. Bf3 Qd7 22. Ka3
Qe7+ 23. Ka2 Qb4 $5 24. Qc3 $1 $36 {Novikov,I-Bareev,E/USSR ch/1990/0-1 (62)})
17... Rxd5 (17... cxd5 18. Na3 (18. Na5 Nc7 19. Rd1 e5 20. g3 Rd6 21. Bh3+ Kb8
22. Rhe1 Rhd8 23. Nb3 Na6 24. Kb1 $14 {Annakov,B-Pergericht,D/Manila olm/1992/
1-0 (46)}) (18. Ne3 Nb4+ 19. Kb3 Nc6 20. Rd1 Rhe8 21. g3 d4 22. Nc4 e5 23. Bg2
g6 24. Rhe1 $14 {Manor,I-Hector,J/Thessaloniki olm (14)/1988/0.5 (52)}) 18...
Nb4+ 19. Kd2 Kd7 20. Rc1 Rc8 21. Rc3 Nc6 (21... Rxc3 22. bxc3 Nc6 23. Be2 Rc8
24. Rb1 $13 {Donner,J-Pachman,L/Venezia/1967/0.5 (40)}) 22. Bd3 g6 23. Rhc1 e5
24. Rc5 $14 {Novikov,I-Varga,Zo/Budapest/1991/1-0 (38)}) 18. Ne3 (18. Be2 Rhd8
19. Ra3 (19. Rad1 Nc5 20. a5 Kc7 21. Bf3 Rd4 22. Rxd4 Rxd4 23. b3 e5 24. Rd1
$13 {Lokotar,E-Finegold,B/Groningen open (02)/1991/0.5 (56)}) 19... Nb4+ 20.
Kb1 Rd4 21. Rc1 e5 22. Rh3 R8d7 23. Rxh7 Kc7 24. g3 $16 {Malaniuk,V-Finegold,G/
Groningen op (02)/1990/1-0 (27)}) 18... Rc5+ 19. Bc4 Nc7 20. Kd2 Rd8+ 21. Bd3 (
21. Ke2 Nd5) 21... Na6 22. Ke2 Nb4 23. Bc4 Re5 24. Rad1 Nd5 25. Bxd5 exd5 26.
Kd3 $13 Rde8 27. Nc2 Kc7 28. Rhf1 a5 29. Rf3 c5 30. b3 b6 31. Rdf1 d4 32. Rh3
h6 33. Rg3 R8e7 34. Rff3 Kc6 35. Rg6 Rg5 36. Rxg5 hxg5 37. Rh3 Re8 38. Rh7 Re7
39. Rh8 Kc7 40. Rg8 Kc6 41. h3 Kd5 42. Rb8 Re6 43. Rg8 Re7 44. Rd8+ Kc6 45. g3
Kc7 46. Rg8 Kd6 47. Kc4 Ke5 48. Kd3 Kd6 49. Rb8 Kc7 50. Ra8 Kd6 51. Kd2 Ke5 52.
Rb8 Re6 53. Kd3 Kf5 54. Rd8 Kg6 55. g4 f5 56. gxf5+ Kxf5 57. Rd7 Rh6 58. Rf7+
Ke5 59. Rf3 Rf6 60. Rg3 Kf4 61. Rg4+ Kf5 62. Ne1 Rh6 63. Rg3 g4 64. hxg4+ Kf4
65. Rf3+ Kxg4 66. Rf7 Rh3+ 67. Kc2 Rc3+ 68. Kb2 g5 69. Rf6 Kg3 70. Rxb6 Kf2 71.
Rg6 Kxe1 72. Rxg5 c4 73. bxc4 Rxc4 74. Rxa5 d3 75. Rh5 Rxa4 1/2-1/2